| 000 | 00628nam a22001937a 4500 | ||
|---|---|---|---|
| 003 | OSt | ||
| 005 | 20260421113649.0 | ||
| 008 | 260421b |||||||| |||| 00| 0 eng d | ||
| 020 | _a9789819786725 | ||
| 040 | _ckul | ||
| 082 |
_a628.4 _bYAT.S |
||
| 084 | _2Colon Classification | ||
| 100 |
_aYatoo, Ali Mohd & Sillanpaa, Mika / ed. _913493 |
||
| 245 |
_aSmart waste and wastewater management by biotechnological approaches _cedited by Ali Mohd Yatoo and Mika Sillanpaa |
||
| 260 |
_aSingapore : _bSpringer , _c2025 |
||
| 300 | _aix, 461 p. : | ||
| 504 | _aincludes bibliographical references (p.456-461). | ||
| 942 |
_2ddc _cBK |
||
| 999 |
_c758808 _d758808 |
||